Grammar of emphasis (Record no. 931527)

MARC details
000 -LEADER
fixed length control field 00916nam a2200277Ia 4500
003 - CONTROL NUMBER IDENTIFIER
control field OSt
005 - DATE AND TIME OF LATEST TRANSACTION
control field 20221005023641.0
008 - FIXED-LENGTH DATA ELEMENTS--GENERAL INFORMATION
fixed length control field 221004b |||||||| |||| 00| 0 eng d
020 ## - INTERNATIONAL STANDARD BOOK NUMBER
International Standard Book Number 9781501515033 (hbk)
037 ## - SOURCE OF ACQUISITION
Terms of availability Textual
040 ## - CATALOGING SOURCE
Original cataloging agency CRL
Transcribing agency CRL
Language of cataloging eng
041 ## - LANGUAGE CODE
Source of code eng
Language code of text/sound track or separate title eng
100 ## - MAIN ENTRY--PERSONAL NAME
Personal name Trotzke Andreas Au.
9 (RLIN) 579816
245 #0 - TITLE STATEMENT
Title Grammar of emphasis
Remainder of title from information structure to the expressive dimension
260 ## - PUBLICATION, DISTRIBUTION, ETC.
Place of publication, distribution, etc. Berlin
Name of publisher, distributor, etc. Walter de gruyter Germany
Date of publication, distribution, etc. 2017
300 ## - PHYSICAL DESCRIPTION
Extent viii,192p.
Dimensions cm.
490 ## - SERIES STATEMENT
Series statement Studies in generative grammar; Vol. 131
650 ## - SUBJECT ADDED ENTRY--TOPICAL TERM
Topical term or geographic name entry element LINGUISTICS
650 ## - SUBJECT ADDED ENTRY--TOPICAL TERM
Topical term or geographic name entry element GRAMMAR
942 ## - ADDED ENTRY ELEMENTS (KOHA)
Classification part P:3, Q7
Koha item type Textual
Source of classification or shelving scheme
Holdings
Withdrawn status Lost status Damaged status Not for loan Home library Current library Date acquired Source of acquisition Total Checkouts Full call number Barcode Date last seen Price effective from Koha item type
        Central Library Central Library 2022-10-05 111930, 09/03/2018, International Book Distributors   P:3 Q7 CL1642390 2022-10-05 2022-10-05 Textual
Copyright @ Delhi University Library System